Statistics for Australian Bird Names Containing 'Black'

Click here to take the quiz!

General Stats

  • This quiz has been taken 7 times
    (6 since last reset)
  • The average score is 11 of 41

Answer Stats

Answer% Correct
Black Swan
100%
Black-breasted Buzzard
67%
Black-chinned Honeyeater
67%
Black Falcon
67%
Black Grasswren
67%
Common Blackbird
67%
Pacific Black Duck
67%
Baudin's Black-Cockatoo
33%
Black-bellied Storm-Petrel
33%
Black-browed Albatross
33%
Black Currawong
33%
Black-faced Cuckoo-shrike
33%
Black-headed Honeyeater
33%
Black Honeyeater
33%
Black Kite
33%
Black-necked Stork
33%
Black Noddy
33%
Black-shouldered Kite
33%
Black-throated Finch
33%
Black-winged Petrel
33%
Black-winged Stilt
33%
Glossy Black-Cockatoo
33%
Little Black Cormorant
33%
Red-tailed Black-Cockatoo
33%
White-winged Black Tern
33%
Yellow-tailed Black-Cockatoo
33%
Black-backed Butcherbird
0%
Black Bittern
0%
Black-breasted Button-quail
0%
Black Butcherbird
0%
Black-eared Cuckoo
0%
Black-eared Miner
0%
Black-faced Cormorant
0%
Black-faced Monarch
0%
Black-faced Woodswallow
0%
Black-fronted Dotterel
0%
Black-naped Tern
0%
Black-tailed Godwit
0%
Black-tailed Treecreeper
0%
Black-winged Monarch
0%
Carnaby's Black-Cockatoo
0%

Score Distribution

Percentile by Number Answered

Percent of People with Each Score

Your Score History

You have not taken this quiz since the last reset